| 000 | 00710nam a2200241Ia 4500 | ||
|---|---|---|---|
| 005 | 20260430150215.0 | ||
| 008 | 008 250103s9999 xx 000 0 eng d | ||
| 037 | _aTheses | ||
| 040 | _aCRL | ||
| 040 | _beng | ||
| 040 | _ceng | ||
| 041 | _2eng | ||
| 041 | _aeng | ||
| 084 | _qCRL | ||
| 100 |
_aSuraj Pal Au.; Pankaj Kumar Gu.; Pathak Praveen Kumar Gu. _91236795 |
||
| 245 | 0 | _aAnalysing Social Stigma and Health Risks among men having Sex with Men: A Case Study of Selected Indian cities | |
| 260 | _c2022 | ||
| 300 | _a316p. | ||
| 650 | _aGeography | ||
| 700 |
_aUniversity of Delhi. Faculty of Social Science. Depatment of Geography _91236796 |
||
| 942 | _cTH | ||
| 999 |
_c1849217 _d1849217 |
||